000 00295nam a2200121Ia 4500
008 241002s9999 xx 000 0 und d
082 _a808.888 HER
100 _aAubrey, De Selincount
245 0 _aHerodotus the Histories
260 _aMiddle east:
_c1966
600 _aLiterature
942 _cUC
999 _c19003
_d19003